| 000 | 00526nam a22001937a 4500 | ||
|---|---|---|---|
| 003 | OSt | ||
| 005 | 20151204144233.0 | ||
| 008 | 151204b xxu||||| |||| 00| 0 eng d | ||
| 020 | _a3631317603 | ||
| 040 | _cDDC | ||
| 082 | _a370SCH 2000. | ||
| 100 |
_aEdited by SChriewer ,Jurgen. _96505 |
||
| 245 | _aDiscourse Formation in Comparative Education. | ||
| 260 |
_aNew York; _bPeter Lang, _c2000. |
||
| 300 |
_ax,365p; _bill; _c22cm |
||
| 504 | _aincludes index. | ||
| 650 |
_aComparative Education. _95748 |
||
| 942 |
_2ddc _cSLOAN |
||
| 999 |
_c2824 _d2824 |
||